000 00410nam a22001457a 4500
003 GBCCL
005 20251209143647.0
008 251209b |||||||| |||| 00| 0 eng d
040 _cGBC
082 _aSOU TRI
_b2025
245 _aTribal literature conclave 2025 souvenir :
_bweaving tribal narratives /
_cedited by T Thangkhansiam
260 _aLamka :
_bPLS,
_c2025
300 _a89P. ;
942 _2ddc
_cARCH
_n0
999 _c11105
_d11105